Heroes! - Statistics

General Stats
  • This quiz has been taken 15 times
  • The average score is 9 of 9
Answer Stats
Picture Answer % Correct
Batman
100%
Captain America
100%
Hulk
100%
Iron Man
100%
Luigi
100%
Mario
100%
Spider-man
100%
Thor
93%
Sonic the Hedgehog
87%
No matching quizzes found
Score Distribution
Percent of People with Each Score
Percentile by Number Answered
Your Score History
You have not taken this quiz